Championnats du monde masculin de Handball - Statistiques

Statistiques générales
  • Ce quiz a été pris 110 fois
  • Le résultat moyen est 7 sur 10
Statistiques - réponses
Médailles d'Or Pays % Correct
6 France
100%
3 Allemagne
96%
4 Danemark
96%
4 Suède
95%
2 Espagne
93%
3 Russie
71%
1 Croatie
69%
1 Serbie
48%
4 Roumanie
39%
1 République Tchèque
32%
Aucun quiz correspondant
Distribution des résultats
% des personnes avec chaque résultat
Percentile par nombre de réponses
Votre historique - résultats
Vous n’avez pas pris ce quiz